| Tag |
First Indicator |
Second Indicator |
Subfields |
| LEADER |
00000cam a2200000 a 4500 |
| 001 |
in00000008387 |
| 005 |
20151003050042.0 |
| 008 |
870309s1987 gau s00011 eng |
| 010 |
|
|
|a 87005932
|
| 020 |
|
|
|a 0820309591 (alk. paper)
|
| 035 |
|
|
|a (OCoLC)15421658
|
| 035 |
|
|
|9 AAA0774AM
|
| 040 |
|
|
|a DLC
|c DLC
|d TXA
|d UtOrBLW
|
| 050 |
0 |
0 |
|a PS3566.R578
|b S6 1987
|
| 082 |
0 |
|
|a 813/.54
|2 19
|
| 100 |
1 |
|
|a Pritchard, Melissa.
|
| 245 |
1 |
0 |
|a Spirit seizures :
|b stories /
|c by Melissa Pritchard.
|
| 264 |
|
1 |
|a Athens :
|b University of Georgia Press,
|c [1987]
|
| 264 |
|
4 |
|c ©1987
|
| 300 |
|
|
|a viii, 182 pages ;
|c 23 cm.
|
| 336 |
|
|
|a text
|b txt
|2 rdacontent
|
| 337 |
|
|
|a unmediated
|b n
|2 rdamedia
|
| 338 |
|
|
|a volume
|b nc
|2 rdacarrier
|
| 999 |
|
|
|a MARS
|
| 999 |
f |
f |
|s 324f41f1-559c-38ac-948b-607563f12900
|i 2617abfd-c123-3c08-85f6-c85d82eb6e4c
|t 0
|
| 952 |
f |
f |
|p ric
|a Texas A&M University
|b Rellis Campus
|c Joint Library Facility
|d Remote Storage
|t 0
|e PS3566.R578 S6 1987
|h Library of Congress classification
|i unmediated -- volume
|m A14812557866
|
| 998 |
f |
f |
|a PS3566.R578 S6 1987
|t 0
|l Remote Storage
|